Pembangunan modal insan = (Record no. 21730)

MARC details
000 -LEADER
fixed length control field 01237nam a2200289#a 4500
001 - CONTROL NUMBER
control field 00083
003 - CONTROL NUMBER IDENTIFIER
control field HDC
007 - PHYSICAL DESCRIPTION FIXED FIELD--GENERAL INFORMATION
fixed length control field ta
008 - FIXED-LENGTH DATA ELEMENTS--GENERAL INFORMATION
fixed length control field 230623s2006 xx 000 0 eng d
020 ## - INTERNATIONAL STANDARD BOOK NUMBER
International Standard Book Number 9833209144 (hbk.).
040 ## - CATALOGING SOURCE
Original cataloging agency HDC
050 ## - LIBRARY OF CONGRESS CALL NUMBER
Classification number HD 4904.7
Item number .A238 2006
100 ## - MAIN ENTRY--PERSONAL NAME
Personal name Abdullah Ahmad Badawi,
Titles and words associated with a name Dato' Seri,
Dates associated with a name 1939-
245 #0 - TITLE STATEMENT
Title Pembangunan modal insan =
Remainder of title human capital development :
-- koleksi ucapan Dato' Seri Abdullah Ahmad Badawi =
-- collection of speeches by Dato' Seri Abdullah Ahmad Badawi /
Statement of responsibility, etc. Abdullah Ahmad Badawi Dato' Seri Abdullah Ahmad Badawi
264 ## - PRODUCTION, PUBLICATION, DISTRIBUTION, MANUFACTURE, AND COPYRIGHT NOTICE
Place of production, publication, distribution, manufacture Kuala Lumpur :
Name of producer, publisher, distributor, manufacturer Institut Tadbiran Awam Negara,
Date of production, publication, distribution, manufacture, or copyright notice 2006
300 ## - PHYSICAL DESCRIPTION
Extent xxvii, 296p. ;
Dimensions 25cm
500 ## - GENERAL NOTE
General note Includes index
-- Koleksi ucapan Dato' Seri Abdullah Ahmad Badawi = Collection of speeches Dato' Seri Abdullah Ahmad Badawi
505 ## - FORMATTED CONTENTS NOTE
Formatted contents note . Pembangunan modal insan = Human capital development) -- 2. Penyampaian perkhidmatan = Service deliveries -- 3. Islam Hadhari = Islamic civilisation -- 4. Isu-isu global = Global issues
650 ## - SUBJECT ADDED ENTRY--TOPICAL TERM
Topical term or geographic name entry element Human capital
Geographic subdivision Malaysia
650 ## - SUBJECT ADDED ENTRY--TOPICAL TERM
Topical term or geographic name entry element Islam
General subdivision Doctrines
650 ## - SUBJECT ADDED ENTRY--TOPICAL TERM
Topical term or geographic name entry element Labor policy
Geographic subdivision Malaysia
650 ## - SUBJECT ADDED ENTRY--TOPICAL TERM
Topical term or geographic name entry element Labor
Geographic subdivision Malaysia
942 ## - ADDED ENTRY ELEMENTS (KOHA)
Source of classification or shelving scheme Library of Congress Classification
942 ## - ADDED ENTRY ELEMENTS (KOHA)
Koha item type Book
942 ## - ADDED ENTRY ELEMENTS (KOHA)
Call number prefix HD 4904.7
942 ## - ADDED ENTRY ELEMENTS (KOHA)
Call number suffix .A238 2006
Holdings
Withdrawn status Lost status Source of classification or shelving scheme Damaged status Not for loan Collection Home library Current library Shelving location Date acquired Total checkouts Full call number Barcode Date last seen Price effective from Koha item type
    Library of Congress Classification     Non-fiction Halal Development Corporation Library Halal Development Corporation Library Open Shelves 17/11/2020   HD 4904.7 .A238 2006 HDC 0000054 24/05/2023 24/05/2023 Book
Halal Development Corporation Berhad (HDC)
5.02 Level 5, KPMG Tower, First Avenue, Persiaran Bandar Utama, 47800 Petaling Jaya, Selangor Darul Ehsan
Phone: +603 7965 5489 Email: [email protected]